MARC details
| 000 -CABECERA |
| campo de control de longitud fija |
03338nam a2200349 a 4500 |
| 001 - NÚMERO DE CONTROL |
| campo de control |
000029832 |
| 005 - FECHA Y HORA DE LA ÚLTIMA TRANSACCIÓN |
| campo de control |
20250219170734.0 |
| 008 - DATOS DE LONGITUD FIJA--INFORMACIÓN GENERAL |
| campo de control de longitud fija |
110426s2011 dr 000 0 spa d |
| 020 ## - NÚMERO INTERNACIONAL ESTÁNDAR DEL LIBRO |
| Número Internacional Estándar del Libro |
9789945869651 |
| 020 ## - NÚMERO INTERNACIONAL ESTÁNDAR DEL LIBRO |
| Número Internacional Estándar del Libro |
9789945869668 |
| 040 ## - FUENTE DE LA CATALOGACIÓN |
| Centro catalogador/agencia de origen |
DO-SdBNP |
| Lengua de catalogación |
spa |
| Centro/agencia transcriptor |
BNPHU |
| 082 ## - NÚMERO DE LA CLASIFICACIÓN DECIMAL DEWEY |
| Número de clasificación |
304.8 |
| Número de documento/Ítem |
M935m |
| 245 00 - MENCIÓN DE TÍTULO |
| Título |
Movimientos migratorios desde y hacia la República Dominicana / |
| Mención de responsabilidad, etc. |
editor Roberto E. Liz ; prólogo Juan Temístocles Montas ; introducción Wilfredo Lozano. |
| 260 ## - PUBLICACIÓN, DISTRIBUCIÓN, ETC. |
| Lugar de publicación, distribución, etc. |
Santo Domingo : |
| Nombre del editor, distribuidor, etc. |
Ministerio de Economia, Planificación y Desarrollo : |
| -- |
FIES , |
| Fecha de publicación, distribución, etc. |
2011. |
| 300 ## - DESCRIPCIÓN FÍSICA |
| Extensión |
2 v. ; |
| Dimensiones |
23 cm. |
| 500 ## - NOTA GENERAL |
| Nota general |
Incluye referencias bibliográficas y notas al pie de las páginas |
| 500 ## - NOTA GENERAL |
| Nota general |
Incluye referencias bibliográficas al final de los capítulos |
| 505 0# - NOTA DE CONTENIDO CON FORMATO |
| Información miscelánea |
v.1 |
| Título |
Presentación / |
| Mención de responsabilidad |
Roberto E. Liz -- |
| Título |
Prólogo / |
| -- |
Juan Temístocles Montás -- |
| -- |
Introducción / |
| Mención de responsabilidad |
Wilfredo Lozano -- |
| Título |
La mano de obra haitiana en la construcción: características, valoraciones y prácticas / |
| Mención de responsabilidad |
Isis Duarte -- |
| Título |
Costos y beneficios de la mano de obra haitiana en el sector construcción / |
| Mención de responsabilidad |
Milka Cuello y Felipe Santos -- |
| Título |
La presencia de la mujeres migrantes haitianas en el servicio doméstico en la República Dominicana / |
| Mención de responsabilidad |
Bridget Wooding y Alicia Sangro -- |
| Título |
Impacto de la migración haitiana sobre el mercado laboral y las finanzas públicas en la República Dominicana / |
| Mención de responsabilidad |
Jaime Aristy Escuder -- |
| Título |
Remesas, pobreza y desigualdad: una perspectiva desde los hogares y las regiones de la República Dominicana / |
| Mención de responsabilidad |
Ramonina Brea y Joel Arboleda -- |
| Título |
Notas bibliográfica de los autores -- |
| Información miscelánea |
v. 2 |
| Título |
Índice general -- |
| -- |
Presentación de los editores / |
| Mención de responsabilidad |
Roberto E. Liz -- |
| Título |
Prólogo / |
| Mención de responsabilidad |
Juan Temístocles Montás -- |
| Título |
introducción: las rutas de inmigración / |
| Mención de responsabilidad |
Wilfredo Lozano -- |
| Título |
La migración y sus repercusiones en la escuela: análisis de la situación y de la percepciones de cambio social / |
| Mención de responsabilidad |
Raymundo González, Josefina Zaiter, Monica Gozález -- |
| Título |
Inclusión de niños inmigrantes haitianos en el sistema escolar dominicano / |
| Mención de responsabilidad |
Liliam N. García Márquez, Víctor Ml. Brens Paulino -- |
| Título |
Los estudiantes universitarios haitianos en la República Dominicana / |
| Mención de responsabilidad |
Frank D´Oleo Ramírez -- |
| Título |
Otras migraciones y remesas -- |
| -- |
La otra migración: estudios sobre la corrientes de in migración de procedencia extra-insular / |
| Mención de responsabilidad |
Francisco E. Cáceres Ureña, Francisco B. Báez Evertz, César A. Caamaño Díaz -- |
| Título |
Migraciones a España y remesas / |
| Mención de responsabilidad |
Alejandro Martínez, Alicia Sangro -- |
| Título |
Nota biográfica de los autores |
| 590 ## - NOTA LOCAL (RLIN) |
| Nota local |
Inventariado, 2018/VM |
| 650 #4 - PUNTO DE ACCESO ADICIONAL DE MATERIA--TÉRMINO DE MATERIA |
| Término de materia o nombre geográfico como elemento de entrada |
Migración interna |
| Subdivisión geográfica |
República Dominicana |
| 9 (RLIN) |
53304 |
| 650 #4 - PUNTO DE ACCESO ADICIONAL DE MATERIA--TÉRMINO DE MATERIA |
| Término de materia o nombre geográfico como elemento de entrada |
Haitianos en república dominicana |
| 9 (RLIN) |
2246 |
| 650 #0 - PUNTO DE ACCESO ADICIONAL DE MATERIA--TÉRMINO DE MATERIA |
| Término de materia o nombre geográfico como elemento de entrada |
Dominicanos en España |
| 9 (RLIN) |
2176 |
| 651 #4 - PUNTO DE ACCESO ADICIONAL DE MATERIA--NOMBRE GEOGRÁFICO |
| Nombre geográfico |
República Dominicana |
| Subdivisión general |
Emigración E Inmigración |
| -- |
Aspectos Sociales |
| 9 (RLIN) |
9361 |
| 651 #4 - PUNTO DE ACCESO ADICIONAL DE MATERIA--NOMBRE GEOGRÁFICO |
| Nombre geográfico |
República Dominicana |
| Subdivisión general |
Emigración E Inmigración |
| -- |
Aspectos Económicos |
| 9 (RLIN) |
9359 |
| 700 12 - PUNTO DE ACCESO ADICIONAL--NOMBRE DE PERSONA |
| Nombre de persona |
Lozano, Wilfredo |
| Fechas asociadas al nombre |
1950- |
| Término indicativo de función/relación |
introd. |
| 9 (RLIN) |
7126 |
| 700 12 - PUNTO DE ACCESO ADICIONAL--NOMBRE DE PERSONA |
| Nombre de persona |
Liz, Roberto E. |
| Término indicativo de función/relación |
ed. |
| 9 (RLIN) |
37488 |
| 700 12 - PUNTO DE ACCESO ADICIONAL--NOMBRE DE PERSONA |
| Nombre de persona |
Montás, Juan Temístocles |
| Fechas asociadas al nombre |
1950- |
| Término indicativo de función/relación |
pról. |
| 9 (RLIN) |
79676 |
| 700 1# - PUNTO DE ACCESO ADICIONAL--NOMBRE DE PERSONA |
| Nombre de persona |
Lozano, Wilfredo |
| Fechas asociadas al nombre |
1950- |
| Término indicativo de función/relación |
introd. |
| 9 (RLIN) |
7126 |
| 710 1# - PUNTO DE ACCESO ADICIONAL--NOMBRE DE ENTIDAD CORPORATIVA |
| Nombre de entidad corporativa o nombre de jurisdicción como elemento de entrada |
República Dominicana. |
| Unidad subordinada |
Ministerio de Economía, Planificación y Desarrollo |
| 9 (RLIN) |
66142 |
| 710 2# - PUNTO DE ACCESO ADICIONAL--NOMBRE DE ENTIDAD CORPORATIVA |
| Nombre de entidad corporativa o nombre de jurisdicción como elemento de entrada |
Fondo para el Fomento de la Investigación Económica y Social |
| 9 (RLIN) |
56587 |
| 910 ## - DATOS DE OPCIÓN DEL USUARIO (OCLC) |
| Datos de opción del usuario |
Validado. Control de calidad MFF |